| 000 | 00929nam a2200289Ia 4500 | ||
|---|---|---|---|
| 001 | Para_6314 | ||
| 003 | CHAP | ||
| 008 | 220125s1988 xx 000 0 und d | ||
| 010 | _a205045 | ||
| 040 | _cCHAP | ||
| 082 | _aPA 595.7 M6 | ||
| 100 |
_aMorón, Miguel Angel _9170988 |
||
| 245 |
_aEntomología práctica : _b una guía para el estudio de los insectos con importancia agropecuaría, médica, forestal y ecológica de México / _c por Miguel Angel Morón y Roberto A. Terrón |
||
| 260 |
_aMéxico, D.F. : _b Instituto de Ecología |
||
| 300 | _a504 p. | ||
| 650 |
_aArboles _x plagas _982440 |
||
| 650 |
_aEntomología sistemática _937154 |
||
| 650 |
_aParásitos _985652 |
||
| 700 |
_aTerrón, Roberto A. _9112443 |
||
| 901 | _aPA 595.7 M6 | ||
| 902 | _aA | ||
| 905 | _a0000001988 a 0000000000 00 | ||
| 910 | _a1988 | ||
| 942 | _cPARA | ||
| 942 |
_cPARA _d1 |
||
| 999 |
_c205045 _d205045 |
||